Patología estructural y funcional

محفوظ في:
التفاصيل البيبلوغرافية
المؤلفون الرئيسيون: Robbins, Stanley L (مؤلف), Cotran, Ramzi S (مؤلف), Kumar, Vinay (مؤلف), Abbas, Abul K (مؤلف), Fausto, Nelson (مؤلف), Aster, Jon C (مؤلف)
التنسيق: كتاب
اللغة:الإسبانية
منشور في: Barcelona Elsevier España S. L 2010
الطبعة:8a. ed
الموضوعات:
الوسوم: إضافة وسم
لا توجد وسوم, كن أول من يضع وسما على هذه التسجيلة!

MARC

LEADER 00000cam a2200000 a 4500
001 UCE2190
003 CL-VaPUC
005 20231114145838.0
008 140612e20100000sp |||||||||||||||||spa|d
999 |c 355852  |d 355850 
020 |a 9788480866606 
040 |c Pontificia Universidad Católica de Valparaíso 
082 0 4 |a 616.07  |b ROB  |2 21 
100 0 |a Robbins, Stanley L  |e author  |9 574668 
245 1 0 |a Patología estructural y funcional 
250 |a 8a. ed 
260 |a Barcelona  |b Elsevier España S. L  |c 2010 
300 |a 1449 p 
583 |a last modification  |c 20140612 14:08:00  |k Rodrigo Vera 
650 0 |a Patología  |9 335879  |v Manual 
650 0 |a Anatomía topográfica  |9 885835 
650 0 |a Fisiopatología  |9 407166 
650 0 |a Patología clínica  |9 405626 
650 0 |a Etiología médica  |9 885848 
700 0 |a Cotran, Ramzi S  |e author  |9 574669 
700 0 |a Kumar, Vinay  |e author  |9 574670 
700 0 |a Abbas, Abul K  |e author  |9 574671 
700 0 |a Fausto, Nelson  |e author  |9 574672 
700 0 |a Aster, Jon C  |e author  |9 574673 
942 |c BK  |2 ddc 
945 |d 20140612 14:08:00  |a dcastane 
952 |0 0  |1 0  |3 erd  |4 0  |6 616_070000000000000_ROB_2010  |7 0  |8 A  |9 462771  |a BIBCUR  |b BIBCUR  |i 5083923  |l 13  |m 9  |o 616.07 ROB 2010  |p 5083923  |r 2025-04-22  |s 2024-05-02  |w 2019-11-23  |y BK  |z Catalogado en:20140612  |k KIN 
952 |0 0  |1 0  |2 ddc  |3 erd  |4 0  |6 616_070000000000000_ROB_2010  |7 0  |8 A  |9 462772  |a BIBCUR  |b BIBCUR  |i 5083915  |l 6  |m 2  |o 616.07 ROB 2010  |p 5083915  |r 2025-04-22  |s 2024-04-30  |w 2019-11-23  |y BK  |z Catalogado en:20140612  |k KIN 
952 |0 0  |1 0  |3 erd  |4 0  |6 616_070000000000000_ROB_2010  |7 0  |8 A  |9 462773  |a BIBCUR  |b BIBCUR  |i 5083907  |l 3  |o 616.07 ROB 2010  |p 5083907  |r 2025-04-22  |s 2024-08-07  |w 2019-11-23  |y BK  |z Catalogado en:20140612  |k KIN 
952 |0 0  |1 0  |3 erd  |4 0  |6 616_070000000000000_ROB_2010  |7 0  |8 A  |9 462774  |a BIBCUR  |b BIBCUR  |i 5083893  |l 4  |m 1  |o 616.07 ROB 2010  |p 5083893  |r 2025-04-22  |s 2023-04-04  |w 2019-11-23  |y BK  |z Catalogado en:20140612  |k KIN 
952 |0 0  |1 0  |3 erd  |4 0  |6 616_070000000000000_ROB_2010  |7 0  |8 A  |9 462775  |a BIBCUR  |b BIBCUR  |i 5083885  |l 9  |m 5  |o 616.07 ROB 2010  |p 5083885  |r 2025-04-22  |s 2024-11-18  |w 2019-11-23  |y BK  |z Catalogado en:20140612  |k KIN 
952 |0 0  |1 0  |3 erd  |4 0  |6 616_070000000000000_ROB_2010  |7 0  |8 A  |9 462776  |a BIBCUR  |b BIBCUR  |i 5084431  |l 5  |m 3  |o 616.07 ROB 2010  |p 5084431  |r 2025-04-22  |s 2024-08-07  |w 2019-11-23  |y BK  |z Catalogado en:20140619  |k KIN